| 000 | 00560nam a2200181 i 4500 | ||
|---|---|---|---|
| 001 | 134539 | ||
| 003 | ES-MaACL | ||
| 005 | 20230906194709.0 | ||
| 007 | t| | ||
| 008 | 070911s1968 sp ||||1| spa d | ||
| 100 | 1 |
_aWeber, Robert. _9116266 |
|
| 245 | 1 | 0 |
_aTransporte de hormigón por tubería / _cRobert Weber ; traducido por Olegario Llamazares Gómez. |
| 260 |
_aBilbao : _bUrmo, _c1968. |
||
| 300 |
_a147 p. : _bil. ; _c25 cm. |
||
| 650 | 4 |
_aHormigón. _9164178 |
|
| 700 | 1 |
_aLlamazares Gómez, Olegario. _972679 |
|
| 852 |
_aES-MaACL _jC-37677 _bR.7222 |
||
| 999 |
_c134539 _d134539 |
||